| 000 | 00703nam a22002057a 4500 | ||
|---|---|---|---|
| 999 |
_c11063 _d11063 |
||
| 003 | AR-CdUCM | ||
| 008 | 190402b ||||| |||| 00| 0 spa d | ||
| 040 |
_aMUNICIPALIDAD PROVINCIAL DEL CUSCO _cBIBLIOTECA MUNICIPAL DEL CUSCO |
||
| 082 |
_a572.7 / _bS31 / 1955 |
||
| 100 |
_aSchwidetzky, Ilse _928194 |
||
| 245 | _aEtnobiología / | ||
| 260 |
_aMéxico : _bFondo de cultura económica, _c1955. |
||
| 300 |
_a441 paginas ; _c22 cm. |
||
| 505 | _aConstancia : Introducción -- Biología de las migraciones -- Biología social -- Biología de la reproducción ... | ||
| 650 |
_aBiología _9881 |
||
| 650 |
_aSocial _92020 |
||
| 650 |
_aEtnobiología _928195 |
||
| 942 |
_2ddc _cLIBROS |
||
| 945 |
_ar _drah |
||